Successful strategies for export.
Pohľad na chovanie sa britských vývozných cien výrobkov vyvážaných na americký trh v porovnaní s japonskými a nemeckými exportérmi. Skúmanie možností dlhodobejšieho plánovania na zvýšení úspechu spoločností pri vytváraní solídnej bázy podielu na trhu USA v jednotlivých kategóriách výrobkov. Cenová a...
Salvato in:
| Autore principale: | |
|---|---|
| Natura: | Capitolo di libro |
| Lingua: | inglese |
| Soggetti: | |
| Tags: |
Nessun Tag, puoi essere il primo ad aggiungerne!!
|
MARC
| LEADER | 00000naa a2200000 4500 | ||
|---|---|---|---|
| 001 | r005023 | ||
| 005 | 20221213085205.2 | ||
| 041 | 0 | |a eng | |
| 044 | |a GB | ||
| 245 | 1 | 0 | |a Successful strategies for export. |c P. Williamson |
| 520 | |a Pohľad na chovanie sa britských vývozných cien výrobkov vyvážaných na americký trh v porovnaní s japonskými a nemeckými exportérmi. Skúmanie možností dlhodobejšieho plánovania na zvýšení úspechu spoločností pri vytváraní solídnej bázy podielu na trhu USA v jednotlivých kategóriách výrobkov. Cenová a investičná politika a dlhodobé plánovanie. | ||
| 610 | 2 | 0 | |a plánovanie dlhodobé |
| 610 | 2 | 0 | |a vývoz |
| 610 | 2 | 0 | |a ceny vývozné |
| 610 | 2 | 0 | |a efektívnosť |
| 610 | 2 | 0 | |a Veľká Británia |
| 610 | 2 | 0 | |a trh |
| 610 | 2 | 0 | |a USA |
| 610 | 2 | 0 | |a porovnanie štatistické medzinárodné |
| 610 | 2 | 0 | |a politika cenová |
| 610 | 2 | 0 | |a politika investičná |
| 100 | 1 | |a Williamson, P. | |